<?xml version="1.0" encoding="UTF-8"?><?xml-stylesheet type="text/xsl" href="static/style.xsl"?><OAI-PMH xmlns="http://www.openarchives.org/OAI/2.0/" xmlns:xsi="http://www.w3.org/2001/XMLSchema-instance" xsi:schemaLocation="http://www.openarchives.org/OAI/2.0/ http://www.openarchives.org/OAI/2.0/OAI-PMH.xsd"><responseDate>2026-05-01T12:39:40Z</responseDate><request verb="GetRecord" identifier="oai:uvadoc.uva.es:10324/4830" metadataPrefix="marc">https://uvadoc.uva.es/oai/request</request><GetRecord><record><header><identifier>oai:uvadoc.uva.es:10324/4830</identifier><datestamp>2021-06-29T09:49:05Z</datestamp><setSpec>com_10324_38</setSpec><setSpec>col_10324_852</setSpec></header><metadata><record xmlns="http://www.loc.gov/MARC21/slim" xmlns:doc="http://www.lyncode.com/xoai" xmlns:xsi="http://www.w3.org/2001/XMLSchema-instance" xmlns:dcterms="http://purl.org/dc/terms/" xsi:schemaLocation="http://www.loc.gov/MARC21/slim http://www.loc.gov/standards/marcxml/schema/MARC21slim.xsd">
<leader>00925njm 22002777a 4500</leader>
<datafield tag="042" ind1=" " ind2=" ">
<subfield code="a">dc</subfield>
</datafield>
<datafield tag="720" ind1=" " ind2=" ">
<subfield code="a">Manzano Villazán, María Jesús</subfield>
<subfield code="e">author</subfield>
</datafield>
<datafield tag="260" ind1=" " ind2=" ">
<subfield code="c">2013</subfield>
</datafield>
<datafield tag="520" ind1=" " ind2=" ">
<subfield code="a">En torno de un relato autobiográfico se intenta justificar la presencia de la corporeidad en los procesos de construcción de las identidades docentes y corporales. Acercándose de una manera reflexiva que supone contextualizar los momentos y las experiencia vividas en momentos históricos. Exponer como algunas experiencias y análisis de los que estamos ejerciendo desde hace ya algunos años, es una manera de seguir construyendo mi identidad tanto personal como docente, compartiéndolas con otras personas. &#xd;
A través de metodologías cualitativas como la autobiografía se van llevando a cabo un proceso que va construyendo una identidades docente y corporales a través de las primeras socializaciones deportivas, y diferentes inserciones laborales</subfield>
</datafield>
<datafield tag="024" ind2=" " ind1="8">
<subfield code="a">http://uvadoc.uva.es/handle/10324/4830</subfield>
</datafield>
<datafield ind1=" " ind2=" " tag="653">
<subfield code="a">Profesores (Enseñanza primaria)</subfield>
</datafield>
<datafield tag="245" ind1="0" ind2="0">
<subfield code="a">Biografía y profesión: identidad corporal e identidad docente</subfield>
</datafield>
</record></metadata></record></GetRecord></OAI-PMH>